000 00909nam0a22002771 4500
001 rc\4865186
005 20250613022510.0
021 _aRU
_b[67-102310]
035 _a(NLR Aleph) 008907068
090 _a8739722
_c8739722
100 _a20130426d1967 |||y0rusy50 ca
101 0 _arus
102 _aRU
105 _aa b |||||
200 1 _aОхрана пчел от отравления ядохимикатами
205 _a2-е изд., перераб. и доп.
210 _aМосква
_cРоссельхозиздат
_d1967
215 _a244 с.
_cил.
_d21
320 _aБиблиогр.: с. 236-241 (157 назв.)
606 _aПчелы
_xОтравления ядохимикатами
_2psbo
700 1 _aНазаров
_bС.С.
_gСтепан Степанович
801 0 _aRU
_bNLR
_gpsbo
801 1 _aRU
_bELAR
_2rusmarc
852 _aNLR
_j68-5/227
942 _cBOOK
980 _aNB